| 000 | 00605 a2200193 4500 | ||
|---|---|---|---|
| 003 | DO-SdBNP | ||
| 005 | 20220302144658.0 | ||
| 007 | ta | ||
| 008 | 201118b2017 a|||| |||| 00| 0 eng d | ||
| 040 |
_aDO-SdBNP _bspa _cBNPHU |
||
| 082 | 4 | _222 | |
| 100 | 1 | _4Díaz, Zoilo Fernando | |
| 245 | 1 | 0 |
_aFilos de sabiduría / _bZoilo Fernando Díaz |
| 260 |
_aSantiago de los Caballeros, República Dominicana : _bEdiciones escritordiaz, _c2017. |
||
| 300 |
_a111 p. : _bil. ; _c21 cm. |
||
| 500 | _aIncluye datos biográficos del autor en la contracubierta | ||
| 590 | _aInventaraido, 2022/BT | ||
| 942 |
_2ddc _cLBS1 |
||
| 999 |
_c49139 _d49139 |
||